Normal view
MARC view
- Mr. Majid Maqbool.
Entry Personal Name
001 - CONTROL NUMBER
- control field: 31004
003 - CONTROL NUMBER IDENTIFIER
- control field: NUST
005 - DATE AND TIME OF LATEST TRANSACTION
- control field: 20200930115004.0
008 - FIXED-LENGTH DATA ELEMENTS
- fixed length control field: 200930|| aca||aabn | a|a d
040 ## - CATALOGING SOURCE
- Original cataloging agency: NUST
- Transcribing agency: NUST
100 ## - HEADING--PERSONAL NAME
- Personal name: Mr. Majid Maqbool.
670 ## - SOURCE DATA FOUND
- Source citation: Work cat.: (NUST): Haroon Rasheed Ramy ; Usama Tahir and Ameer Hamza 31003, Bridging the Language Gap : Bachpan /
